Очистка вентиляционных выбросов в химической промышленности

Бібліографічні деталі
Автор: Лукин В. Д. Виктор Дмитриевич
Інші автори: Курочкина М. И. Мария Ивановна
Мова:Російська
Опубліковано: Ленинград, Химия, 1980
Предмети:
Формат: Книга
KOHA link:https://koha.lib.tpu.ru/cgi-bin/koha/opac-detail.pl?biblionumber=36203

MARC

LEADER 00000nam0a2200000 4500
001 36203
005 20231031001358.0
035 |a (RuTPU)RU\TPU\book\36673 
035 |a BOOK00003325 
090 |a 36203 
100 |a 20011210d1980 km y0rusy50 ca 
101 0 |a rus 
102 |a RU 
105 |a a z 000zy 
200 1 |a Очистка вентиляционных выбросов в химической промышленности  |f В. Д. Лукин, М. И. Курочкина 
210 |a Ленинград  |c Химия  |d 1980 
215 |a 232 с.  |c ил. 
610 1 |a химия 
610 1 |a химическая промышленность 
610 1 |a выбросы вентиляционные 
610 1 |a очистка 
610 1 |a пыли 
610 1 |a примеси 
610 1 |a расчеты 
675 |a 66.013.8  |v 3 
700 1 |a Лукин  |b В. Д.  |g Виктор Дмитриевич 
701 1 |a Курочкина  |b М. И.  |g Мария Ивановна 
801 0 |a RU  |b 63413507  |c 20011210  |g PSBO 
801 2 |a RU  |b 63413507  |c 20121206  |g PSBO 
900 |a Технология защиты биосферы от промышленных выбросов 
942 |c BK